<Das> Neue Export-Handbuch <Der> Berater für Anbahnung, Aufbau und Abwicklung von erfolgreichen Auslandsgeschten

Gespeichert in:
Bibliographische Detailangaben
1. Verfasser: Kitterer, Bernd H.-J
Format: Buch
Sprache:Deutsch
Veröffentlicht: Freiburg im Breisgau Haufe 1984
Ausgabe:1. Aufl.
Tags: Tag hinzufügen
Keine Tags, Fügen Sie das erste Tag hinzu!

MARC

LEADER 00000nam a2200000 4500
001 c023986
005 20221220085324.2
022 |a 0175-6818 
041 0 |a ger 
044 |a DE 
245 1 0 |a <Das> Neue Export-Handbuch  |b <Der> Berater für Anbahnung, Aufbau und Abwicklung von erfolgreichen Auslandsgeschten  |c Herausgegeben von Bernd H.-J. Kitterer, Deutscher Industrie- und Handelstag, Bonn 
250 |a 1. Aufl. 
264 1 |a Freiburg im Breisgau  |b Haufe  |c 1984 
300 |a 3 časti 
100 1 |a Kitterer, Bernd H.-J.